| 000 | 02130cam a2200457 a 4500 | ||
|---|---|---|---|
| 001 | 9678549 | ||
| 003 | ARRUPE | ||
| 005 | 20141105111136.0 | ||
| 008 | 120525s2012 nyua b 001 0aeng | ||
| 010 | _a 2012017293 | ||
| 020 | _a9781570759925 (cloth) | ||
| 020 | _a1570759928 (cloth) | ||
| 020 | _a9781608332274 (hbk.) | ||
| 020 | _a1608332276 (hbk.) | ||
| 024 | _a40021274523 | ||
| 035 | _a(OCoLC)ocn788299034 | ||
| 035 | _a(OCoLC)788299034 | ||
| 035 | _a(NNC)9678549 | ||
| 040 |
_aDLC _beng _cDLC _dBTCTA _dBDX _dKAT _dMNJ _dUKMGB |
||
| 042 | _apcc | ||
| 043 | _af-sa--- | ||
| 050 | 0 | 0 |
_aBX5700.6.Z8 _bL378 2012 |
| 082 | 0 | 0 |
_a283.092 _aB _223 |
| 100 | 1 |
_aLapsley, Michael. _912396 |
|
| 245 | 1 | 0 |
_aRedeeming the past : _bmy journey from freedom fighter to healer / _cMichael Lapsley with Stephen Karakashian. |
| 260 |
_aMaryknoll, NY : _bOrbis Books, _cc2012. |
||
| 300 |
_axvi, 256 p. : _bill. ; _c25 cm. |
||
| 504 | _aIncludes bibliographical references and index. | ||
| 505 | 0 | _aThe bombing -- Recovery -- Disability: accepting brokenness -- A home-grown faith -- South Africa: torn apart -- A crisis of faith -- Lesotho: living in exile -- Zimbabwe: the struggle is everything -- Returning to South Africa: forging a new identity -- Breaking the chain of history -- Truth, amnesty, and restitution -- Deceptively simple -- Founding the Institute for Healing of Memories -- Cuba -- Rwanda and the genocide -- Australia's stolen generation -- Zimbabwe: the agony continues -- Torture -- Healing memories in the United States -- Pedro, a guerilla fighter for peace -- Looking forward, daring to hope. | |
| 600 | 1 | 0 |
_aLapsley, Michael. _912397 |
| 610 | 2 | 0 |
_aChurch of the Province of Southern Africa _xClergy _vBiography. _912398 |
| 650 | 0 |
_aPain _xReligious aspects _xChristianity. _912399 |
|
| 650 | 0 |
_aSuffering _xReligious aspects _xChristianity. _912400 |
|
| 650 | 0 |
_aChurch work. _912401 |
|
| 651 | 0 |
_aAfrica _xChurch history _y20th century. _96161 |
|
| 700 | 1 |
_aKarakashian, Stephen. _912402 |
|
| 942 |
_2lcc _cMONOGRAPH |
||
| 948 | 1 |
_a20120911 _bc _cybp22 _dMPS |
|
| 949 | _i0071539506 | ||
| 999 |
_c121177 _d121177 |
||